| 000 | 01012nam a2200301Ia 4500 | ||
|---|---|---|---|
| 001 | 416 | ||
| 003 | IT-RoPAU | ||
| 008 | 130308s9999 xx 000 0 und d | ||
| 040 | _aIT-RoPAU | ||
| 040 | _cIT-RoPAU | ||
| 041 | _aFRANCESE | ||
| 100 | _aKristeva Julia | ||
| 100 | _gCodice Aut. SPICS: 4996 | ||
| 245 | _aPolylogue | ||
| 245 | _bPolylogue | ||
| 250 | _a1a ed. | ||
| 260 | _aPARIS | ||
| 260 | _bSeuil | ||
| 260 | _c1977 [1° Ed.:1977 - Ed.Ling.Originale:1977] | ||
| 300 | _a"542 p. (prefazione: no ; testo: 542)" | ||
| 500 | _aPolitica della Letteratura Linguaggio e Scrittura Scienza e Critica Esperienza e Pratica Etica della Linguistica Oggetto o Complemento materia Senso Dialettica Soggeto in Linguistica Funzione Predicativa e Soggetto Parlante Esigenze Ritmiche e Linguaggio Poetico Nomi di Luogo Pittura di Giotto e Giovanni Bellini | ||
| 650 | _aSAGGI DI SEMIOLOGIA | ||
| 650 | _eCodice materia Spics: 3257 | ||
| 942 | _cBK | ||
| 957 | _71 | ||
| 999 |
_c66252 _d66252 |
||
| 999 | _bSI | ||
| 999 | _g1 | ||